Central Library OPAC University of Rajshahi

The French Revolution / (Record no. 25387)

MARC details
000 -LEADER
fixed length control field 00644nam a22002177a 4500
001 - CONTROL NUMBER
control field 25387
003 - CONTROL NUMBER IDENTIFIER
rucl marc code BD-RjUL
005 - DATE AND TIME OF LATEST TRANSACTION
control field 20211209050855.0
008 - FIXED-LENGTH DATA ELEMENTS--GENERAL INFORMATION
fixed length control field 140318r19491837enk||||| |||| 001 0 eng d
035 ## - SYSTEM CONTROL NUMBER
System control number (BD-RjUL)25457
040 ## - CATALOGING SOURCE
Original cataloging agency BD-RjUL
Language of cataloging eng
Transcribing agency BD-RjUL
041 ## - LANGUAGE CODE
Language code of text/sound track or separate title eng
082 00 - DEWEY DECIMAL CLASSIFICATION NUMBER
Classification number 944.04
Author mark and year CAF V-1 1949
100 1# - MAIN ENTRY--PERSONAL NAME
Personal name Carlyle, Thomas
9 (RLIN) 78052
245 14 - TITLE STATEMENT
Title The French Revolution /
Statement of responsibility, etc. Thomas Carlyle,
Number of part/section of a work Volume One
260 ## - PUBLICATION, DISTRIBUTION, ETC. (IMPRINT)
Place of publication, distribution, etc. London :
Name of publisher, distributor, etc. J. M. Dent & Sons Ltd
Date of publication, distribution, etc. 1837 [Reprinted 1949]
300 ## - PHYSICAL DESCRIPTION
Pagination xxiii,351p. ;
Size 18cm.
504 ## - BIBLIOGRAPHY, ETC. NOTE
Bibliography, etc Includes Index
650 #0 - SUBJECT ADDED ENTRY--TOPICAL TERM
Topical term or geographic name as entry element France -- History -- Revolution, 1789-1799.
9 (RLIN) 62004
942 ## - ADDED ENTRY ELEMENTS (KOHA)
Source of classification or shelving scheme Dewey Decimal Classification
Koha item type Books
Holdings
Lost status Source of classification or shelving scheme Damaged status Not for loan Collection code Permanent Location Current Location Shelving location Date acquired Source of acquisition Cost, normal purchase price Total Checkouts Full call number Date last seen Copy number Koha item type
  Dewey Decimal Classification   Added to bundle Non-fiction Central Library, University of Rajshahi Central Library, University of Rajshahi Reading Room 14/09/1955 B. H. Blackwell 65.00   944.04 CAF V-1 1949 18/03/2014 C-1 Books